Paradoxical Proverbs Quiz Stats

Quiz Updated Apr 28, 2016

Also try: Finish the Proverb
Challenge
Share
Tweet
Score 0/15 Timer 05:00
6 Plays Today
% Correct
You're never too old to learn
95.7%
Many hands make light work
94%
Clothes maketh the man
92.7%
Birds of a feather flock together
91.8%
Actions speak louder than words
90.9%
All good things come to those who wait
90.1%
Out of sight, out of mind
89.9%
Hold fast to the words of your ancestors
87.1%
% Correct
He who hesitates is lost
86.6%
What’s good for the goose is good for the gander
86.3%
If at first you don't succeed, try, try again
86.2%
Nothing ventured, nothing gained
84.2%
Never put off till tomorrow what you can do today
83.5%
The squeaky wheel gets the grease
83%
The end justifies the means
83%

You're not logged in!

Compare scores with friends on all Sporcle quizzes.
Sign Up with Email
OR
Log In

You Might Also Like...

Show Comments

Extras

Top Quizzes Today


Score Distribution

Your Account Isn't Verified!

In order to create a playlist on Sporcle, you need to verify the email address you used during registration. Go to your Sporcle Settings to finish the process.